000 00713nam a2200193 a 4500
001 000019502
005 20200929170034.0
008 100629s|||| ag 000 0 spa d
040 _aDO-SdBNP
_bspa
_cBNPHU
041 1 7 _aspa
_heng
_2Código de idioma MARC
082 _annnn
_bB964m
100 1 _aBurnett, Sibley C.,
_941863
240 1 0 _aBetter vacation bible schools.
_lEspañol.
245 1 0 _aManual para las escuelas bíblicas de vacaciones /
_cSibley C. Burnett ; traducción de Samuel O. Libert.
260 _aBuenos Aires :
_bCasa Bautista de Publicaciones,
_c[s.f.].
534 _pTítulo original en inglés:
_tBetter vacation bible schools.
700 1 _aLibert, Samuel O.,
_etr.
_934284
049 _aBNGR
999 _c19018
_d19018